World Expos and specialized expositions - Statistics

General Stats
  • This quiz has been taken 8 times
  • The average score is 47 of 73
Answer Stats
Year Country City % Correct
1888 Spain Barcelona
100%
1929/30 Spain Barcelona
100%
1906 Italy Milan
100%
2015 Italy Milan
100%
S1953 Italy Rome
100%
1897 Belgium Brussels
86%
1910 Belgium Brussels
86%
1935 Belgium Brussels
86%
1958 Belgium Brussels
86%
2023 Argentina Buenos Aires
86%
1893 United States Chicago
86%
1933/34 United States Chicago
86%
2021/22* United Arab Emirates Dubai
86%
S1998 Portugal Lisbon
86%
1851 United Kingdom London
86%
1862 United Kingdom London
86%
S1965 West Germany Munich
86%
1970 Japan Osaka
86%
2025 Japan Osaka
86%
1855 France Paris
86%
1867 France Paris
86%
1878 France Paris
86%
1889 France Paris
86%
1900 France Paris
86%
1937 France Paris
86%
S1947 France Paris
86%
1992 Spain Seville
86%
1904 United States St. Louis
86%
S1936 Sweden Stockholm
86%
S1949 Sweden Stockholm
86%
1911 Italy Turin
86%
S1955 Italy Turin
86%
S1961 Italy Turin
86%
1873 Austria-Hungary Vienna
86%
2017 Kazakhstan Astana
71%
S1971 Hungary Budapest
71%
S1938 Finland Helsinki
71%
S1953 Israel Jerusalem
71%
1880/81 Colony of Victoria Melbourne
71%
1967 Canada Montreal
71%
1939/40 United States New York City
71%
1876 United States Philadelphia
71%
1949/50 Haiti Port-au-Prince
71%
2010 China Shanghai
71%
S1988 Australia Brisbane
57%
2000 Germany Hanover
57%
1905 Belgium Liège
57%
S1939 Belgium Liège
57%
S1949 France Lyon
57%
S1954 Italy Naples
57%
S1984 United States New Orleans
57%
S1981 Bulgaria Plovdiv
57%
S1985 Bulgaria Plovdiv
57%
S1991 Bulgaria Plovdiv
57%
1915 United States San Francisco
57%
1939/40 United States San Francisco
57%
S1986 Canada Vancouver
57%
S1951 France Lille
43%
1962 United States Seattle
43%
S1992 Italy Genoa
29%
S1982 United States Knoxville
29%
2005 Japan Aichi
14%
S1956 Israel Beit Dagan
14%
S1993 South Korea Daejeon
14%
1913 Belgium Ghent
14%
S1975 Japan Okinawa
14%
S1968 United States San Antonio
14%
S1985 Japan Tsukuba
14%
S1957 West Germany West Berlin
14%
S2012 South Korea Yeosu
14%
S2008 Spain Zaragoza
14%
S1955 Sweden Helsingborg
0%
S1974 United States Spokane
0%
No matching quizzes found
Score Distribution
Percent of People with Each Score
Percentile by Number Answered
Your Score History
You have not taken this quiz